| 000 | 00766nam a22002297a 4500 | ||
|---|---|---|---|
| 003 | UA-OsUOA | ||
| 001 | 119848 | ||
| 007 | ta | ||
| 008 | 20161118b un ||||| |||| 00| 0 ukr d | ||
| 100 | _aХудолій Ю.С. | ||
| 700 | _aШклярук А.В. | ||
| 090 |
_a330(477) _bХ98 |
||
| 942 | _cSA | ||
| 040 |
_aUA-OsUOA _bukr _cUA-OsUOA _dUA-OsUOA |
||
| 245 | _aОцінювання та прогнозування фінансових криз на основі системи індикатолрів раннього сповіщення | ||
| 300 | _aС.20-27 | ||
| 955 | _a0 | ||
| 041 | _aukr | ||
| 080 | _a330(477) | ||
| 773 | 0 |
_w119846 _tЕкономіка. Фінанси. Право. _dК. _d2016 _g9 |
|
| 650 | 7 |
_a330 Економіка взагалі _2UDC |
|
| 999 |
_c405651 _d405651 |
||